| 000 | 00435nam a22001697a 4500 | ||
|---|---|---|---|
| 005 | 20180813141519.0 | ||
| 008 | 160629b xxu||||| |||| 00| 0 eng d | ||
| 020 | _a81-297-0110-3 | ||
| 041 | _aeng | ||
| 082 |
_b10798 _a658.32 |
||
| 100 |
_aHenderson, Richard I _93126 |
||
| 245 | _aCompensation Management in a Knowledge based World | ||
| 260 |
_bPearson _c2004 _adelhi |
||
| 300 | _a623p, | ||
| 650 |
_aManagement _9241 |
||
| 942 | _cBK | ||
| 999 |
_c4577 _d4575 |
||